[Event "AUT Bundesliga 2021-22"]
[Site "Graz"]
[Date "2022.03.25"]
[Round "6"]
[White "Martinovic, Sasa"]
[Black "Deglmann, Ludwig"]
[Result "1/2-1/2"]
[WhiteElo "2554"]
[BlackElo "2248"]
[Annotator "TA"]
[PlyCount "84"]
[EventDate "2021.01.17"]
[EventType "team-tourn"]
[EventCountry "AUT"]
[SourceTitle "playchess.com"]
[Source "ChessBase"]
[SourceQuality "1"]

{[%evp 13,84,16,22,16,35,33,31,37,35,33,37,13,32,30,41,29,30,29,35,34,39,25,43,37,72,72,62,55,51,50,89,91,84,81,111,104,134,150,154,120,133,60,66,67,66,55,72,77,118,126,96,0,0,0,8,16,26,0,8,0,0,0,0,0,0,0,0,0,0,0,0,0,0]} 1. d4 {Let's Check} e6 2. c4 Bb4+ 3. Nd2 c5 4. a3 Bxd2+ 5. Qxd2 cxd4 6. Nf3 Nf6 7. Nxd4 O-O 8. e3 {E11: Bogo-Indian.} d5 9. b3 e5 10. Nf3 {White is slightly better.} Nc6 11. Bb2 $1 Re8 12. Be2 Bg4 {[%cal Od5d4] [#]} 13. cxd5 $146 ({Predecessor:} 13. h3 Bxf3 14. gxf3 dxc4 15. Qxd8 Raxd8 16. Bxc4 Na5 17. Bb5 Re6 18. b4 a6 19. Be2 {0-1 (60) Jankovic,A (2568)-Palac,M (2572) Opatija 2012 CBM 147 [Let's Check]}) 13... Qxd5 14. Qxd5 Nxd5 15. h3 Bf5 16. g4 Bg6 17. Rc1 f6 18. g5 a5 19. Rg1 Kf8 20. gxf6 gxf6 21. Nh4 Nde7 22. Nxg6+ hxg6 23. h4 {[%cal Bh3h4,Bh4h5][%mdl 32]} Kg7 24. h5 g5 25. f4 Kh6 26. fxg5+ fxg5 27. Rf1 ({White should play} 27. Rc5 $16) 27... Rf8 $14 28. Rxf8 Rxf8 29. Rd1 {[#] Threatens to win with Rd6+.} Nf5 {Inhibits Rd6+.} 30. Rd7 Rf6 (30... Nxe3 $142 31. Rd6+ (31. Rxb7 Ng2+ 32. Kd1 Rd8+ 33. Kc1 Nf4 $14) 31... Kg7) 31. Rxb7 $16 {White is more active.} Nxe3 {[#]} 32. Kd2 (32. Rb6 $1 $16 {Bb5 is the strong threat.} Nd5 33. Ra6) 32... Nd5 $11 33. Rd7 Nf4 34. Bf3 Nxh5 35. Ke3 (35. Bxc6 $5 Rxc6 36. Bxe5 $11) 35... Nf4 {The position is equal.} 36. Bc3 Nd4 37. Bxd4 exd4+ 38. Rxd4 {KRB-KRN} Rb6 39. Bd1 Kg6 40. Kf3 Kf6 41. b4 axb4 42. Rxb4 Rxb4 {Weighted Error Value: White=0.07 (flawless) /Black=0.09 (flawless)} 1/2-1/2

[Event "AUT Bundesliga 2021-22"]
[Site "Graz"]
[Date "2022.03.25"]
[Round "6"]
[White "Kunin, Vitaly"]
[Black "Predojevic, Borki"]
[Result "1/2-1/2"]
[WhiteElo "2547"]
[BlackElo "2585"]
[Annotator "ChessBase"]
[PlyCount "83"]
[EventDate "2021.01.17"]
[EventType "team-tourn"]
[EventCountry "AUT"]
[SourceTitle "playchess.com"]
[Source "ChessBase"]
[SourceQuality "1"]
[TimeControl "40/5400+30:1800+30"]

1. d4 {[%emt 0:00:33]} Nf6 {[%emt 0:00:08]} 2. c4 {[%emt 0:00:17]} e6 {[%emt 0:00:07]} 3. Nf3 {[%emt 0:00:15]} d5 {[%emt 0:00:18]} 4. Nc3 {[%emt 0:00:54]} c6 {[%emt 0:04:34]} 5. Qd3 {[%emt 0:02:17]} dxc4 {[%emt 0:07:25]} 6. Qxc4 {[%emt 0:00:25]} b5 {[%emt 0:00:08]} 7. Qd3 {[%emt 0:00:10]} a6 {[%emt 0:00:06]} 8. Bg5 {[%emt 0:03:24]} c5 {[%emt 0:07:35]} 9. a4 {[%emt 0:02:28]} cxd4 {[%emt 0:16:32]} 10. Nxd4 {[%emt 0:01:29]} b4 {[%emt 0:01:53]} 11. Ne4 {[%emt 0:00:20]} Bb7 {[%emt 0:00:03]} 12. Bxf6 {[%emt 0:00:23]} gxf6 {[%emt 0:00:03]} 13. Rd1 {[%emt 0:00:43]} b3 {[%emt 0:17:50]} 14. Nxb3 {[%emt 0:00:35]} Qxd3 {[%emt 0:01:12]} 15. exd3 {[%emt 0:00:21]} Bb4+ {[%emt 0:00:34]} 16. Nc3 {[%emt 0:03:38]} Ke7 {[%emt 0:03:20]} 17. d4 {[%emt 0:05:14]} Nd7 {[%emt 0:06:50]} 18. f3 {[%emt 0:08:19]} Rhc8 {[%emt 0:05:51]} 19. Rc1 {[%emt 0:01:52]} Nb6 {[%emt 0:04:24]} 20. Kf2 {[%emt 0:00:44]} Rab8 {[%emt 0:08:40]} 21. a5 {[%emt 0:10:37]} Nc4 {[%emt 0:02:22]} 22. Bxc4 {[%emt 0:01:00]} Rxc4 {[%emt 0:00:02]} 23. Na4 {[%emt 0:03:05]} Rxc1 {[%emt 0:02:53]} 24. Rxc1 {[%emt 0:00:31]} Bd5 {[%emt 0:00:06]} 25. Nbc5 {[%emt 0:03:37]} Bxc5 {[%emt 0:00:09]} 26. dxc5 {[%emt 0:02:29]} Rb4 {[%emt 0:00:37]} 27. b3 {[%emt 0:16:50]} Bc6 {[%emt 0:00:03]} 28. Rc3 {[%emt 0:01:27]} Rb5 {[%emt 0:07:44]} 29. Nb6 {[%emt 0:00:46]} Rxa5 {[%emt 0:01:04]} 30. Nc8+ {[%emt 0:00:46]} Kd7 {[%emt 0:00:40]} 31. Nd6 {[%emt 0:00:27]} Ra2+ {[%emt 0:00:23]} 32. Kg3 {[%emt 0:00:14]} a5 {[%emt 0:01:28]} 33. Rc4 {[%emt 0:07:13]} Bd5 {[%emt 0:00:10]} 34. Rh4 {[%emt 0:00:11]} Kc6 {[%emt 0:01:18]} 35. Rxh7 {[%emt 0:01:00]} Kxc5 {[%emt 0:00:54]} 36. Ne4+ {[%emt 0:01:13]} Bxe4 {[%emt 0:00:20]} 37. fxe4 {[%emt 0:00:08]} Ra3 {[%emt 0:00:18]} 38. Kg4 {[%emt 0:05:03]} Rxb3 {[%emt 0:00:09]} 39. Rxf7 {[%emt 0:00:11]} Rb2 {[%emt 0:00:30]} 40. Kg3 {[%emt 0:00:00]} Rb3+ {[%emt 0:00:00]} 41. Kg4 {[%emt 0:11:32]} Rb2 {[%emt 0:02:16]} 42. Kg3 {[%emt 0:04:34]} 1/2-1/2

[Event "AUT Bundesliga 2021-22"]
[Site "Graz"]
[Date "2022.03.25"]
[Round "6"]
[White "Dragnev, Valentin"]
[Black "Abasov, Nijat"]
[Result "1/2-1/2"]
[WhiteElo "2533"]
[BlackElo "2630"]
[Annotator "TA"]
[PlyCount "60"]
[EventDate "2021.01.17"]
[EventType "team-tourn"]
[EventCountry "AUT"]
[SourceTitle "playchess.com"]
[Source "ChessBase"]
[SourceQuality "1"]

{[%evp 18,60,17,22,8,24,19,20,16,18,23,10,2,8,14,0,0,0,0,0,0,0,0,0,0,0,0,0,0,0,0,0,0,0,0,0,0,0,0,0,0,0,0,0,0]} 1. e4 {Seirawan,Y} e5 2. Nf3 Nc6 3. Bb5 Nf6 4. O-O {[%cal Bh1f1,Bf1e1,Be1e5][%mdl 32]} Nxe4 5. Re1 Nd6 6. Nxe5 Be7 7. Bf1 Nxe5 8. Rxe5 O-O 9. d4 Bf6 10. Re1 Re8 {C67: Ruy Lopez: Berlin Defence: 4 0-0 Nxe4.} (10... Nf5 {keeps more tension.} 11. c3 d5 12. Bd3 c6 13. Nd2 Nd6) 11. c3 Rxe1 12. Qxe1 Ne8 13. Bf4 d5 14. Bd3 g6 {The position is equal.} 15. Nd2 Ng7 16. Nf1 c6 17. Qd2 Bf5 18. Bxf5 Nxf5 19. Ne3 Nxe3 20. Qxe3 Qe7 21. Qxe7 Bxe7 $11 {[%mdl 4096] Endgame KRB-KRB} 22. Re1 {[#]} Re8 $146 ({Predecessor:} 22... Bf8 23. Kf1 f6 24. g4 Kf7 25. h3 Re8 26. Rxe8 Kxe8 27. Ke2 Kd7 28. Kd3 Ke6 29. a4 a6 30. f3 Be7 {½-½ (30) Carlsen,M (2857)-Karjakin,S (2769) New York 2016 CBM 176 [Seirawan,Y]}) 23. Bd6 Kf8 24. Rxe7 Rxe7 {KR-KB} 25. f4 f5 26. h4 h5 27. b4 b5 28. a3 Kf7 29. Bxe7 Kxe7 30. g3 a6 {An uneventful encounter.  Weighted Error Value: White=0.02 (flawless) /Black=0.00 (flawless)} 1/2-1/2

[Event "AUT Bundesliga 2021-22"]
[Site "Graz"]
[Date "2022.03.25"]
[Round "6"]
[White "Korpa, Bence"]
[Black "Atlas, Valery"]
[Result "1/2-1/2"]
[WhiteElo "2530"]
[BlackElo "2423"]
[Annotator "TA"]
[PlyCount "81"]
[EventDate "2021.01.17"]
[EventType "team-tourn"]
[EventCountry "AUT"]
[SourceTitle "playchess.com"]
[Source "ChessBase"]
[SourceQuality "1"]

{[%evp 14,81,1,4,9,7,7,5,16,3,8,0,0,-3,0,0,15,11,23,0,19,-6,18,0,0,0,14,10,4,-49,-46,-55,-54,-62,-50,-82,-32,-71,-60,-108,0,0,0,0,0,0,0,0,0,0,0,0,0,0,0,0,0,0,0,0,0,0,0,0,0,0,0,0,0,0]} 1. d4 Nf6 2. Bg5 e6 3. Nd2 c5 4. e3 b6 5. Ngf3 Bb7 6. Bd3 Be7 7. c3 h6 8. Bh4 d5 {A46: 1 d4 Nf6 2 Nf3 e6: Torre, London and Colle Systems.} 9. O-O O-O 10. Ne5 Nfd7 11. Bg3 Nxe5 12. dxe5 {[#]} Ba6 $146 ({Predecessor:} 12... d4 13. exd4 cxd4 14. c4 Na6 15. Rc1 Nc5 16. Bb1 Qd7 17. b4 Na4 18. Ne4 Bxe4 19. Bxe4 Bxb4 {½-½ (35) Bancod,R (2396)-Adante,I Manila 2007}) 13. Bxa6 Nxa6 14. Qe2 Nc7 15. e4 Qc8 16. exd5 exd5 17. Qh5 Kh7 18. Rfe1 g6 19. Qf3 Qf5 20. Qxf5 gxf5 21. Nf1 ({White should try} 21. Rad1 $11) 21... d4 $15 22. cxd4 cxd4 23. Bf4 Ne6 24. Bd2 Bg5 (24... Kg6 $17) 25. Rad1 {[%cal Of2f4]} Rfc8 26. Ng3 {[#]} (26. Rc1 $15) 26... Rc2 (26... f4 $1 $17 {[%cal Rf4g3]} 27. Ne4 Rc2) 27. Bxg5 $11 {The position is equal.} hxg5 28. Nxf5 Rxb2 29. Nxd4 Nxd4 30. Rxd4 Rxa2 {[%mdl 4096] Endgame KRR-KRR} 31. h4 gxh4 32. e6 fxe6 33. Rxh4+ Kg7 34. Rxe6 Rc8 35. Rf4 Rc5 36. Re7+ Kg6 37. g4 b5 38. Rd4 Kf6 39. Rde4 b4 40. Kg2 {[#] R4e6+ would kill now.} Rc6 {Prevents R4e6+.} 41. Rh7 {Weighted Error Value: White=0.10 (very precise) /Black=0.09 (flawless)} 1/2-1/2

[Event "AUT Bundesliga 2021-22"]
[Site "Graz"]
[Date "2022.03.25"]
[Round "6"]
[White "Bosiocic, Marin"]
[Black "Doric, Darko"]
[Result "1/2-1/2"]
[WhiteElo "2522"]
[BlackElo "2478"]
[Annotator "TA"]
[PlyCount "50"]
[EventDate "2021.01.17"]
[EventType "team-tourn"]
[EventCountry "AUT"]
[SourceTitle "playchess.com"]
[Source "ChessBase"]
[SourceQuality "1"]

{[%evp 9,50,6,11,5,13,11,14,14,18,10,8,0,0,9,17,0,0,0,0,-18,0,0,0,-6,0,-9,0,0,0,0,0,0,0,0,0,0,0,0,0,0,0,0,0]} 1. e4 c6 2. d4 d5 3. e5 Bf5 4. h4 h5 5. Bd3 Bxd3 {The position is equal.} 6. Qxd3 {[%cal Oe5e6] B12: Caro-Kann: Advance Variation.} Qa5+ 7. Nd2 {[%cal Oe5e6] And now e6! would win.} e6 $1 8. Ngf3 Nh6 9. O-O Nf5 10. Nb3 Qa6 11. Qd1 b6 {[#]} 12. c3 $146 ({Predecessor:} 12. Bg5 c5 13. dxc5 Bxc5 14. Nxc5 bxc5 15. c3 Nc6 16. Re1 Rb8 17. b3 Qb5 18. Rc1 {0-1 (52) Zhu,J (2478)-Svane,R (2637) Chess.com INT 2022}) 12... c5 13. Re1 Nc6 14. dxc5 Bxc5 15. Nxc5 bxc5 16. Bf4 Rc8 17. b3 Rc7 18. Rc1 Qxa2 19. Ra1 Qb2 20. Bd2 O-O 21. Rb1 Qa2 22. Ra1 Qb2 23. Rb1 Qa2 24. Ra1 Qb2 25. Rb1 Qa2 {An interesting draw.  Weighted Error Value: White=0.03 (flawless) /Black=0.02 (flawless)} 1/2-1/2

[Event "AUT Bundesliga 2021-22"]
[Site "Graz"]
[Date "2022.03.25"]
[Round "6"]
[White "Naumann, Alexander"]
[Black "Amann, Harald"]
[Result "1-0"]
[WhiteElo "2514"]
[BlackElo "1913"]
[Annotator "ChessBase"]
[PlyCount "39"]
[EventDate "2021.01.17"]
[EventType "team-tourn"]
[EventCountry "AUT"]
[SourceTitle "playchess.com"]
[Source "ChessBase"]
[SourceQuality "1"]
[TimeControl "40/5400+30:1800+30"]

1. e4 {[%emt 0:00:04]} c5 {[%emt 0:02:03]} 2. Nf3 {[%emt 0:00:06]} Nc6 {[%emt 0:00:11]} 3. Bb5 {[%emt 0:00:11]} Nd4 {[%emt 0:00:12]} 4. Nxd4 {[%emt 0:01:53]} cxd4 {[%emt 0:00:03]} 5. O-O {[%emt 0:00:31]} e6 {[%emt 0:01:43]} 6. d3 {[%emt 0:01:03]} a6 {[%emt 0:06:56]} 7. Ba4 {[%emt 0:02:22]} b5 {[%emt 0:04:26]} 8. Bb3 {[%emt 0:00:03]} Bb7 {[%emt 0:00:37]} 9. Nd2 {[%emt 0:06:41]} Ne7 {[%emt 0:02:54]} 10. f4 {[%emt 0:05:19]} g6 {[%emt 0:02:01]} 11. Nf3 {[%emt 0:02:57]} Bg7 {[%emt 0:04:25]} 12. Qe1 {[%emt 0:01:17]} O-O {[%emt 0:01:43]} 13. Bd2 {[%emt 0:08:14]} Nc6 {[%emt 0:00:55]} 14. f5 {[%emt 0:01:50]} exf5 {[%emt 0:29:04]} 15. exf5 {[%emt 0:02:30]} d5 {[%emt 0:02:28]} 16. fxg6 {[%emt 0:02:00]} hxg6 {[%emt 0:00:39]} 17. Ng5 {[%emt 0:00:50]} Re8 {[%emt 0:03:42]} 18. Qh4 {[%emt 0:02:07]} Ne5 {[%emt 0:00:49]} 19. Qh7+ {[%emt 0:01:30]} Kf8 {[%emt 0:07:29]} 20. Bb4+ {[%emt 0:00:11]} 1-0

[Event "AUT Bundesliga 2021-22"]
[Site "Graz"]
[Date "2022.03.25"]
[Round "6"]
[White "Shengelia, David"]
[Black "Saric, Ivan"]
[Result "0-1"]
[WhiteElo "2503"]
[BlackElo "2678"]
[Annotator "TA"]
[PlyCount "120"]
[EventDate "2021.01.17"]
[EventType "team-tourn"]
[EventCountry "AUT"]
[SourceTitle "playchess.com"]
[Source "ChessBase"]
[SourceQuality "1"]

{[%evp 19,120,22,21,14,10,0,0,0,0,0,0,0,0,0,0,0,88,72,81,82,126,125,126,136,145,146,127,138,173,181,158,152,193,139,135,100,102,101,108,56,53,12,33,18,98,-15,-33,-119,-99,-372,-493,-494,-476,-501,-501,-475,-468,-470,-441,-740,-737,-683,-663,-1597,-1483,-9526,-6041,-29959,-29961,-29961,-29962,-29962,-29960,-29960,-29956,-29947,-12607,-29966,-29967,-29966,-29967,-29974,-29970,-29970,-29971,-29971,-29970,-29970,-29969,-29969,-29969,-29969,-29969,-29968,-29969,-29969,-29969,-29969,-29970,-29970,-29969,-29967,-12684]} 1. d4 Nf6 2. c4 g6 3. g3 c6 4. Bg2 d5 5. cxd5 cxd5 6. Nc3 Bg7 7. Nf3 O-O 8. Ne5 Nc6 9. O-O Bf5 10. Nxc6 bxc6 11. b3 {D79: Fianchetto Grünfeld: Symmetrical Variation (6 0-0 c6 7 cxd5 cxd5).} c5 $5 {[%mdl 4] ...cxd4 is the strong threat. A promising side line.} 12. dxc5 Ne4 13. Nxe4 {Strongly threatening Rb1. The position is equal.} Bxa1 14. Bh6 {[%csl LRa1,LRf8]} Bg7 15. Bxg7 Kxg7 {[#]} 16. Nc3 $146 {[%cal Be4c3,Bc3b5,Bb5d6][%mdl 32]} ({Predecessor:} 16. Qd4+ Kg8 17. Nc3 Rc8 18. g4 Be6 19. Rd1 Qc7 20. b4 Rfd8 21. Bxd5 Rd7 22. e4 Bxg4 {1-0 (42) Piesik,P (2418)-Sukandar,I (2413) Chess.com INT 2020}) 16... e6 17. Nb5 Qf6 (17... Qa5 $11 {remains equal.} 18. a4 Kg8) 18. Qd2 $1 $16 {[%mdl 1024] White has strong compensation.} Rab8 19. Nd6 Rfd8 ({Black should try} 19... a5) 20. f3 g5 21. e4 Bg6 (21... dxe4 $2 22. fxe4 h6 23. exf5 $18) 22. exd5 exd5 23. Qxd5 a5 24. f4 gxf4 25. Rxf4 Qc3 (25... Qe6 $16 26. Bf3 (26. Qd2 Qe5 $16) 26... Qxd5 27. Bxd5 Rd7) 26. Rf3 (26. Be4 $1 $18 Qe1+ 27. Kg2 Qe2+ 28. Kh3 (28. Kg1 Qe1+ 29. Kg2 Qe2+ 30. Kh3 Qh5+ 31. Qxh5 Bxh5 $16) 28... Qh5+ 29. Qxh5 Bxh5 30. Bd5) 26... Qe1+ 27. Bf1 {[%cal Rf3f7]} f6 28. Qd4 Qe5 29. Qxe5 ({White should play} 29. Qf2 $1 $16) 29... fxe5 $14 30. Ba6 (30. Bc4 $14) 30... a4 31. Rc3 a3 {[#]} (31... Rd7 $11) 32. Kf2 (32. Rc1 $1 $16) 32... Bb1 $11 33. Nb5 (33. Bd3 $15 Bxa2 34. Bc2) 33... Bxa2 $17 {aiming for ...Ra8.} 34. c6 $2 {[%mdl 8192] [#]} (34. b4 $17 {was necessary.}) 34... Rf8+ $1 $19 35. Ke3 Rb6 36. c7 Rxa6 37. c8=Q Rxc8 38. Rxc8 Bb1 {White must now prevent ...a2.} 39. Nxa3 (39. Nc3 $142 a2 40. Nxa2 Rxa2 41. h4) 39... Rxa3 {[%mdl 4096] Endgame KRB-KR} 40. Rc3 Bf5 41. g4 Bxg4 {Threatens to win with ...Be6.} 42. Ke4 Be6 {( -> ...Kf6)} 43. Kxe5 {[#]} Rxb3 $1 44. Rc2 (44. Rc6 Bf7) 44... Re3+ 45. Kf4 Rh3 46. Ke5 Bg4 47. Kf4 h5 (47... Bh5 $142 48. Kg5 Bf7 49. Rf2 Ra3 50. Rf1 Ra2 51. Rh1 Bd5 52. Rd1 Be6 53. Re1 Rg2+ 54. Kf4 Kf6 55. Rh1 h5 56. h4 Rg4+ 57. Ke3 Ke5 58. Ke2 Bd5 59. Rc1 Rxh4 60. Kf2 Kf4 61. Ke2 Rh1 62. Rc8 Be4 63. Kd2 h4 64. Rh8 h3 65. Rh5 h2 66. Rh4+ Kf3 67. Rh3+ Kg4 68. Re3 Kf4 69. Rh3 Kg4 70. Rh8 Bf5 71. Rh6 Rb1 72. Rxh2 Rb2+ 73. Kc3 Rxh2 74. Kc4 Kf4 75. Kd5 Rd2+ 76. Kc6 Ke5 77. Kc5 Rc2+ 78. Kb6 Kd5 79. Kb5 Rb2+ 80. Ka5 Kc5 81. Ka6 Bd3+ 82. Ka7 Be4 83. Ka6 Ra2#) 48. Ra2 Kf6 {Black mates.} 49. Rf2 Kg6 50. Ke5 Kg5 51. Ke4 Ra3 52. Rb2 Bf5+ 53. Kd4 Rd3+ 54. Ke5 Re3+ 55. Kd4 Re8 56. Rg2+ Kh4 57. Rf2 Bg4 58. Kd3 Kh3 59. Rb2 Re1 60. Rf2 Rh1 {Black used his chance.  Weighted Error Value: White=0.74/Black=0.15 (very precise)} 0-1

[Event "AUT Bundesliga 2021-22"]
[Site "Graz"]
[Date "2022.03.25"]
[Round "6"]
[White "Brunello, Sabino"]
[Black "Blohberger, Felix"]
[Result "1/2-1/2"]
[WhiteElo "2500"]
[BlackElo "2503"]
[Annotator "TA"]
[PlyCount "83"]
[EventDate "2021.01.17"]
[EventType "team-tourn"]
[EventCountry "AUT"]
[SourceTitle "playchess.com"]
[Source "ChessBase"]
[SourceQuality "1"]

{[%evp 9,83,0,8,6,3,4,7,0,5,-22,0,0,0,0,10,0,0,4,29,39,41,22,32,33,46,51,56,51,46,65,53,0,0,0,0,0,0,0,0,0,0,0,0,0,0,-111,-70,-114,-90,-95,-105,-165,0,-85,0,-213,0,0,0,0,0,0,0,0,0,0,0,0,0,0,0,0,0,0,0,0]} 1. e4 c6 2. d4 d5 3. e5 Bf5 4. h4 h5 5. Bd3 Bxd3 6. Qxd3 {[%cal Oe5e6] aiming for e6! B12: Caro-Kann: Advance Variation.} Qa5+ 7. Nd2 {[%cal Oe5e6]} e6 $1 8. Ne2 Qa6 9. Qf3 Ne7 {[%cal Oc6c5] [#]} 10. Nb3 $146 ({Predecessor:} 10. O-O c5 11. c3 Nf5 12. g3 Nc6 13. Nb3 cxd4 14. cxd4 Be7 15. Bd2 Rc8 16. Bc3 {0-1 (37) Francisco,R (2281)-Gauri,S (2340) Charlotte 2019}) 10... Nd7 11. Bg5 Nf5 12. O-O Qb6 13. c3 g6 14. Ng3 Be7 15. Bxe7 Nxe7 16. Qf4 Nf5 17. Nd2 {[%cal Bb3d2,Bd2f3,Bf3g5][%mdl 32]} Qxb2 18. Rab1 Qxc3 19. Nxf5 gxf5 20. Rxb7 ({White should try} 20. Rb3 $1 $14 Qa5 21. Rxb7) 20... Rg8 $11 21. Rb3 Qc2 22. Nf3 Qe4 23. Qc1 Rc8 $40 {[%mdl 128] Black is up to no good.} ({Don't take} 23... Qg4 24. Ng5 Rc8 25. Rg3 $16) 24. Qa3 Qg4 {[%csl Gg8][%cal Rg4g2]} 25. g3 f4 $1 26. Ng5 $1 ({Not} 26. Rb7 $2 fxg3 27. Kg2 c5 $19) 26... fxg3 27. f4 (27. fxg3 $11 {remains equal.} Qxd4+ 28. Kg2 Rxg5 29. hxg5) 27... g2 (27... Qxh4 $17 {[%csl Gg3][%cal Rh4h2]} 28. Rxg3 c5) 28. Rff3 ({Better is} 28. Rf2 $15) 28... Qxh4 {( -> ...Qh1+)} 29. Kxg2 Qg4+ 30. Kh2 (30. Kf1 $17) 30... Qh4+ (30... c5 $19 31. Qa6 Rd8 32. dxc5 Nxe5 $1 {[%mdl 512]}) 31. Kg2 $1 $17 Qg4+ (31... Qe1 $17 32. Qxa7 Rg6) 32. Kh2 $1 $19 {[#]} Rxg5 $2 (32... c5 $1 $19 33. Qa6 Rd8 34. dxc5 {[#]} Nxe5 $1 {[%mdl 512]}) 33. fxg5 $11 {The position is equal.} Qxd4 34. g6 Qxe5+ 35. Kh3 fxg6 {Threatens to win with ...g5.} 36. Rbe3 Qg5 {Strongly threatening ...Qg4+.} 37. Rxe6+ Kd8 {Hoping for ...Qg4+.} 38. Rfe3 {Re8+ would kill now. The board is on fire.} Qg4+ 39. Kh2 Qf4+ 40. Kg2 {White threatens Re8+ and mate.} Qg4+ 41. Kh2 {Intending Qa5+ and mate.} Qh4+ 42. Kg2 {Weighted Error Value: White=0.11 (very precise) /Black=0.16 (very precise)} 1/2-1/2

[Event "AUT Bundesliga 2021-22"]
[Site "Graz"]
[Date "2022.03.25"]
[Round "6"]
[White "Schneider, Ilja"]
[Black "Markus, Robert"]
[Result "0-1"]
[WhiteElo "2482"]
[BlackElo "2625"]
[Annotator "TA"]
[PlyCount "110"]
[EventDate "2021.01.17"]
[EventType "team-tourn"]
[EventCountry "AUT"]
[SourceTitle "playchess.com"]
[Source "ChessBase"]
[SourceQuality "1"]

{[%evp 10,110,24,11,0,0,13,4,0,-29,-25,-45,-23,-20,-27,-63,-64,-67,-78,-60,-63,-97,-51,-59,-58,-59,-64,-57,-56,-113,-114,-112,-93,-81,-82,-90,-101,-92,-85,-92,-63,-99,-41,-39,-45,-44,-37,-85,-46,-46,-46,-106,-66,-78,-87,-116,-52,-168,-96,-85,-95,-110,-88,-172,-164,-160,-174,-187,-170,-169,-137,-149,-147,-140,-147,-134,-147,-139,-140,-150,-133,-1560,-1483,-3079,-2171,-12820,-8006,-677,-445,-12839,-12840,-12841,-12842,-12842,-12843,-12843,-12843,-12845,-12845,-12845,-12846,-12849,-12849]} 1. e4 {[%cal Be2e4,Be4e5][%mdl 32]} e6 2. d4 d5 3. e5 c5 4. c3 Nc6 5. Nf3 Qc7 6. Be2 f6 {[%cal Rf6e5] C02: French: Advance Variation.} 7. Bf4 fxe5 8. Nxe5 Bd6 $1 {[#] The position is equal.} 9. Bb5 $146 {And now Bxc6+ would win.} ({Predecessor:} 9. O-O Nxe5 10. dxe5 Bxe5 11. Bb5+ Kf8 12. Qh5 {1-0 (12) Tonning,E-Barkhagen,J (2400) Gausdal 1994}) 9... Nf6 10. O-O O-O 11. Bxc6 bxc6 12. Nd2 cxd4 13. cxd4 Nd7 14. Bg3 Nxe5 15. dxe5 Bxe5 (15... Be7 $1 $17) 16. Bxe5 $15 Qxe5 17. Qc2 Qd6 18. Rac1 Bd7 19. Qc5 (19. Rfe1 $15) 19... Qxc5 $17 20. Rxc5 Rfb8 21. b3 Kf7 22. f4 a5 23. Nf3 Ke7 24. Ne5 Rb6 (24... Kd6 {is interesting.} 25. Rfc1 Rb6 26. Nd3 Rb5 27. R5c3 Rc8) 25. Rfc1 Raa6 ({Black should try} 25... Kd6 $17 26. Nd3 g5 27. fxg5 e5) 26. R5c3 Be8 27. Rh3 h5 28. g4 (28. Re3 $15) 28... g6 29. gxh5 gxh5 30. Rg3 (30. Nd3 $1 $15) 30... Rb4 31. Nd3 Rd4 32. Nc5 Ra7 ({Better is} 32... Rb6 $17 33. Re1 Bf7) 33. Re3 (33. Rg7+ $2 Bf7 34. Rf1 Kd6 $17) (33. Re1 $1 $15) 33... Rxf4 (33... Bf7 $1 $19 34. Nxe6 Bxe6) 34. Rxe6+ Kd8 35. Rd6+ Kc8 36. Re1 {Inhibits Re7.} (36. Re6 $17 Rf8 37. Kh1) 36... Rg7+ $19 37. Kh1 {[#]} Kc7 $1 38. Rxd5 (38. Rh6 Bd7) 38... cxd5 39. Ne6+ Kd6 40. Nxf4 $17 {[%mdl 4096] Endgame KRB-KRN} Bc6 {( -> ...d4+)} 41. Re6+ Kd7 $1 42. Rg6 Rxg6 43. Nxg6 {[#] KB-KN} Kd6 $1 {Strongly threatening ...Kc5.} ({Inferior is} 43... d4+ 44. Kg1 $17) 44. Kg1 Kc5 {aiming for ...Kb4.} 45. a3 {[%mdl 8192] White does not recover from this.} (45. Ne7 $17) 45... Kd4 $19 {...Kc3 is the strong threat. Black is clearly winning.} 46. Kf2 Kc3 47. Ne7 Bb7 48. b4 {[#]} a4 $1 49. Nf5 (49. b5 $142 d4 50. Nf5) 49... Kb3 50. Nd6 {[#]} Kxa3 $1 51. b5 {[#]} Kb4 $1 52. b6 {[#]} a3 $1 53. Nxb7 (53. Nf5 a2) 53... a2 54. Nc5 a1=Q 55. b7 Qb2+ {Weighted Error Value: White=0.66/Black=0.08 (flawless)} 0-1

[Event "AUT Bundesliga 2021-22"]
[Site "Graz"]
[Date "2022.03.25"]
[Round "6"]
[White "Diermair, Andreas"]
[Black "Peyrer, Konstantin"]
[Result "1/2-1/2"]
[WhiteElo "2469"]
[BlackElo "2301"]
[Annotator "ChessBase"]
[PlyCount "62"]
[EventDate "2021.01.17"]
[EventType "team-tourn"]
[EventCountry "AUT"]
[SourceTitle "playchess.com"]
[Source "ChessBase"]
[SourceQuality "1"]
[TimeControl "40/5400+30:1800+30"]

1. d4 {[%emt 0:00:03]} Nf6 {[%emt 0:00:04]} 2. c4 {[%emt 0:00:42]} c5 {[%emt 0:00:07]} 3. d5 {[%emt 0:00:16]} e6 {[%emt 0:00:04]} 4. Nc3 {[%emt 0:00:07]} exd5 {[%emt 0:00:03]} 5. cxd5 {[%emt 0:00:03]} d6 {[%emt 0:00:05]} 6. e4 {[%emt 0:02:18]} g6 {[%emt 0:00:07]} 7. f4 {[%emt 0:00:33]} Bg7 {[%emt 0:00:12]} 8. Bb5+ {[%emt 0:00:07]} Nfd7 {[%emt 0:00:08]} 9. Nf3 {[%emt 0:00:52]} O-O {[%emt 0:00:14]} 10. O-O {[%emt 0:00:40]} a6 {[%emt 0:00:21]} 11. Bd3 {[%emt 0:00:05]} b5 {[%emt 0:00:09]} 12. Kh1 {[%emt 0:00:08]} c4 {[%emt 0:05:25]} 13. Bc2 {[%emt 0:00:29]} Nc5 {[%emt 0:00:23]} 14. a3 {[%emt 0:06:34]} Bg4 {[%emt 0:01:01]} 15. Be3 {[%emt 0:10:21]} Nbd7 {[%emt 0:00:19]} 16. Bd4 {[%emt 0:00:59]} Bxf3 {[%emt 0:01:33]} 17. Rxf3 {[%emt 0:00:16]} Re8 {[%emt 0:00:11]} 18. Bxg7 {[%emt 0:02:04]} Kxg7 {[%emt 0:00:04]} 19. Qd4+ {[%emt 0:01:07]} Qf6 {[%emt 0:00:12]} 20. Qf2 {[%emt 0:00:23]} Kg8 {[%emt 0:04:14]} 21. Re1 {[%emt 0:02:20]} Qg7 {[%emt 0:01:37]} 22. h3 {[%emt 0:06:15]} Rab8 {[%emt 0:01:04]} 23. Rfe3 {[%emt 0:10:34]} b4 {[%emt 0:05:01]} 24. axb4 {[%emt 0:02:09]} Rxb4 {[%emt 0:00:05]} 25. Bb1 {[%emt 0:03:35]} Qd4 {[%emt 0:02:00]} 26. Qe2 {[%emt 0:13:03]} Nd3 {[%emt 0:14:59]} 27. Bxd3 {[%emt 0:00:50]} cxd3 {[%emt 0:00:16]} 28. Rxd3 {[%emt 0:00:26]} Qc4 {[%emt 0:00:05]} 29. Rd2 {[%emt 0:05:21]} Nc5 {[%emt 0:01:42]} 30. Qxc4 {[%emt 0:08:31]} Rxc4 {[%emt 0:00:05]} 31. e5 {[%emt 0:01:37]} Rxf4 {[%emt 0:00:18]} 1/2-1/2